000 00655nam a2200277Ia 4500
005 20260121125547.0
008 008 260114s9999 xx 000 0 eng d
020 _a9783110238174
037 _aEBOOK
040 _aCRL
040 _beng
040 _cCRL
041 _2eng
041 _aeng
084 _qCRL
100 _aReinemann, Carsten
_9995061
245 0 _aPolitical Communication
260 _bWalter de Gruyter
260 _bWalter de Gruyter
260 _c2014
650 _aJournalism
_9995062
856 _uhttp://www.degruyter.com/isbn/9783110238174
942 _cEBOOK
999 _c1562868
_d1562868